00428 2200169 4500001002100000005001500021035002000036245006600056100001900122250000600141300003200147260003100179082000800210084001400218600001400232990001200246INLIS00000000000333220260113073249 a0010-01260000011 aEnsiklopedia Astronomi Matahari dan Bintang /cRohman Haryadi0 aRohman Haryadi a5 a72 :bIlust ;c17,5 x 25 cm aJakarta :bErlangga,c2011 a503 a503 ROH e 4aNon Fiksi a0714319